000 00305nam a22001337a 4500
008 170531b xxu||||| |||| 00| 0 eng d
020 _a9780618522606
041 _aeng
080 _26 ED
_a94(7/8)
100 _a17
101 _aSHH
245 _aDISCOVERING THE AMERICAN
_cBECKER.W
942 _2udc
_cBK
999 _c15134
_d15134